Southville International School and Colleges
Your cart is empty.
  • Cart
  • Lists
    Public lists Eva Luna New books Lux_list list_1
    Your lists Log in to create your own lists
  • Log in to your account
  • Your cookies
  • Search history
Southville International School and Colleges
  • Advanced search
  • Recent comments
  • Most popular
  • Libraries

Log in to your account

Log in with GOOGLE


If you do not have an external account, but do have a local account, you can still log in:

  1. Home
  2. MARC view: Cupid doesn't flip hamburgers /
Normal view MARC view ISBD view

Cupid doesn't flip hamburgers / (Record no. 47353)

[ view plain ]
MARC details
000 -LEADER
fixed length control field 00986cam a22003133a 4500
001 - CONTROL NUMBER
control field 16409847
003 - CONTROL NUMBER IDENTIFIER
control field OSt
005 - DATE AND TIME OF LATEST TRANSACTION
control field 20140407131805.0
008 - FIXED-LENGTH DATA ELEMENTS--GENERAL INFORMATION
fixed length control field 950110s1995 nyua j 000 1 eng d
010 ## - LIBRARY OF CONGRESS CONTROL NUMBER
LC control number 97817346
020 ## - INTERNATIONAL STANDARD BOOK NUMBER
International Standard Book Number 0590481142 (pbk.) :
035 ## - SYSTEM CONTROL NUMBER
System control number (OCoLC)ocm31793222
040 ## - CATALOGING SOURCE
Original cataloging agency EOW
Transcribing agency EOW
Modifying agency SLC
-- OCL
-- DLC
050 00 - LIBRARY OF CONGRESS CALL NUMBER
Classification number PZ 7
Item number .D121b12 1995
100 1# - MAIN ENTRY--PERSONAL NAME
Personal name Dadey, Debbie.
9 (RLIN) 4137
245 10 - TITLE STATEMENT
Title Cupid doesn't flip hamburgers /
Statement of responsibility, etc Debbie Dadey and Marcia Thornton Jones
260 ## - PUBLICATION, DISTRIBUTION, ETC. (IMPRINT)
Place of publication, distribution, etc New York :
Name of publisher, distributor, etc Scholastic,
Date of publication, distribution, etc 1995.
300 ## - PHYSICAL DESCRIPTION
Extent 76 p. :
Other physical details ill. ;
Dimensions 20 cm.
490 1# - SERIES STATEMENT
Series statement Adventures of the Bailey School kids
500 ## - GENERAL NOTE
General note "A Little Apple paperback."
521 ## - TARGET AUDIENCE NOTE
Target audience note
526 ## - STUDY PROGRAM INFORMATION NOTE
Reading level 600
655 #7 - INDEX TERM--GENRE/FORM
Genre/form data or focus term Young adult fiction.
Source of term lcsh
9 (RLIN) 3735
700 1# - ADDED ENTRY--PERSONAL NAME
Personal name Jones, Marcia
Fuller form of name (Marcia Thornton)
9 (RLIN) 27134
710 2# - ADDED ENTRY--CORPORATE NAME
Corporate name or jurisdiction name as entry element Copyright Paperback Collection (Library of Congress)
Institution to which field applies DLC
9 (RLIN) 705
906 ## - LOCAL DATA ELEMENT F, LDF (RLIN)
a 7
b cbc
c copycat
d 2
e ncip
f 19
g y-genrareb
942 ## - ADDED ENTRY ELEMENTS (KOHA)
Source of classification or shelving scheme Library of Congress Classification
Koha item type Books
Holdings
Withdrawn status Lost status Source of classification or shelving scheme Damaged status Home library Current library Shelving location Date acquired Total Checkouts Full call number Barcode Date last seen Copy number Price effective from Koha item type
    Library of Congress Classification   Munich Library Munich Library Scholastic Reading Center Section 03/14/2014   PZ 7 .D121b12 1995 MS0480 03/14/2014 1 03/14/2014 Books

Cupid doesn't flip hamburgers /

APA

Dadey D., Jones M. & Copyright Paperback Collection (Library of Congress). (1995). Cupid doesn't flip hamburgers. New York: Scholastic.

Chicago

Dadey Debbie, Jones Marcia and Copyright Paperback Collection (Library of Congress). 1995. Cupid doesn't flip hamburgers. New York: Scholastic.

Harvard

Dadey D., Jones M. and Copyright Paperback Collection (Library of Congress). (1995). Cupid doesn't flip hamburgers. New York: Scholastic.

MLA

Dadey Debbie, Jones Marcia and Copyright Paperback Collection (Library of Congress). Cupid doesn't flip hamburgers. New York: Scholastic. 1995.

  • Place hold
  • Print
  • Cite
  • Add to your cart (remove)
  • Save record
    BIBTEX Dublin Core MARCXML MARC (non-Unicode/MARC-8) MARC (Unicode/UTF-8) MARC (Unicode/UTF-8, Standard) MODS (XML) RIS
  • More searches
    Search for this title in:
    Other Libraries (WorldCat) Other Databases (Google Scholar) Online Stores (Bookfinder.com) Open Library (openlibrary.org)

Exporting to Dublin Core...

SOUTHVILLE LIBRARY

Southville International School and Colleges Library

1281 Tropical Ave. Cor. Luxembourg St., BF Homes International, Las Pinas City

Tel. No. 8256374 / 252358 Loc. 117/146

Powered by Koha